Ч. 2-3: Нелинейные электрические цепи. Электромагнитное поле; Теоретические основы электротехники

Bibliographic Details
Parent link:Теоретические основы электротехники: в 3 ч.. Ч. 2-3: Нелинейные электрические цепи. Электромагнитное поле.— , 1978-1979
Other Authors: Атабеков Г. И. Григорий Иосифович (редактор), Купалян С. Д. Степан Давыдович, Тимофеев А. Б. Андрей Борисович, Хухриков С. С. Сергей Сергеевич
Language:Russian
Published: 1979
Edition:4-е изд., перераб.
Subjects:
Format: Book
KOHA link:https://koha.lib.tpu.ru/cgi-bin/koha/opac-detail.pl?biblionumber=33684

MARC

LEADER 00000nam2a2200000 4500
001 33684
005 20231101210200.0
035 |a (RuTPU)RU\TPU\book\34046 
035 |a BOOK00000697 
090 |a 33684 
100 |a 20011210d1979 m y0rusy50 ca 
101 0 |a rus 
102 |a RU 
105 |a a j 000zy 
200 0 |a Ч. 2-3: Нелинейные электрические цепи. Электромагнитное поле  |f Г. И. Атабеков, С. Д. Купалян, А. Б. Тимофеев, С. С. Хухриков  |g под ред. Г. И. Атабекова 
205 |a 4-е изд., перераб. 
210 |d 1979 
215 |a 432 с.  |c ил. 
461 1 |0 (RuTPU)RU\TPU\book\34041  |t Теоретические основы электротехники  |o в 3 ч.  |o учебник для вузов  |v Ч. 2-3: Нелинейные электрические цепи. Электромагнитное поле  |d 1978-1979 
606 1 |a Электротехника теоретическая  |2 stltpush  |3 (RuTPU)RU\TPU\subj\20909  |9 45970 
610 1 |a теоретическая электротехника 
610 1 |a нелинейные электрические цепи 
610 1 |a ТОЭ 
610 1 |a теоретические основы электротехники 
610 1 |a электромагнитное поле 
610 1 |a расчет 
610 1 |a электромагнитные явления 
610 1 |a учебные пособия 
675 |a 621.3.01(075.8)  |v 3 
701 1 |a Атабеков  |b Г. И.  |g Григорий Иосифович 
701 1 |a Купалян  |b С. Д.  |g Степан Давыдович 
701 1 |a Тимофеев  |b А. Б.  |g Андрей Борисович 
701 1 |a Хухриков  |b С. С.  |g Сергей Сергеевич 
702 1 |a Атабеков  |b Г. И.  |g Григорий Иосифович  |4 340 
801 0 |a RU  |b 63413507  |c 20011210  |g PSBO 
801 2 |a RU  |b 63413507  |c 20230126  |g PSBO 
900 |a Теоретические основы электротехники 
900 |a Электротехника 
942 |c BK